Problémy komplexního plánování ochrany přírodních složek životního prostředí v ČSSR

Salvato in:
Dettagli Bibliografici
Autore principale: Klacková, Jana
Natura: Libro
Lingua:ceco
Pubblicazione: Praha Ekonomický ústav ČSAV 1982
Serie:VPE č. 163
Tags: Aggiungi Tag
Nessun Tag, puoi essere il primo ad aggiungerne!!

MARC

LEADER 00000nam a2200000 4500
001 c134100
005 20041019155300.2
041 0 |a cze 
044 |a CZ 
245 1 0 |a Problémy komplexního plánování ochrany přírodních složek životního prostředí v ČSSR  |c Jana Klacková 
264 1 |a Praha  |b Ekonomický ústav ČSAV  |c 1982 
300 |a 146 s. 
490 1 |a VPE  |v č. 163 
830 0 |a VPE  |v č. 163 
100 1 |a Klacková, Jana